Pour une morale de l'ambiguïté

Sparad:
Bibliografiska uppgifter
Huvudupphovsman: Beauvoir, Simone de
Materialtyp: Bok
Språk:Undetermined
Publicerad: Paris Gallimard 1947
Ämnen:
Taggar: Lägg till en tagg
Inga taggar, Lägg till första taggen!
Thư viện lưu trữ: Trung tâm Học liệu Trường Đại học Cần Thơ
LEADER 00464nam a2200181Ia 4500
001 CTU_89679
008 210402s9999 xx 000 0 und d
082 |a 170 
082 |b B337 
100 |a Beauvoir, Simone de 
245 0 |a Pour une morale de l'ambiguïté 
245 0 |c Simone de Beauvoir 
260 |a Paris 
260 |b Gallimard 
260 |c 1947 
650 |a Ethics 
904 |i Nguyên 
980 |a Trung tâm Học liệu Trường Đại học Cần Thơ